000 00315nam a22001337a 4500
008 181217b xxu||||| |||| 00| 0 eng d
020 _a0721693172
041 _aeng
080 _26 TH
_a616.15
100 _a9
101 _aHEM
245 _aHematology Of Infancy And Childhood
_cDavid,G,N
942 _2udc
_cBK
999 _c53208
_d53208